Responses for Show #8877 - Tuesday, May 23, 2023

Ben Chan game 10.

Contestants

[<< previous game]

Lynn Di Vito, a retired museum educator from Colorado Springs, Colorado

Danny Leserman, a policy communications manager from Rancho Palos Verdes, California

Ben Chan, a philosophy professor from Green Bay, Wisconsin (whose 9-day cash winnings total $252,600)

[next game >>]

Jeopardy! Round responses

AVIATION
SUPER BOWL WINNERS BY QUARTERBACK
ANIMALS IN LITERATURE
HISTORICAL HODGEPODGE
"G"-RATED WORDS
YOU'RE SO SHELLFISH
    $200 16
a 747

Danny
    $200 30
the Patriots

Lynn
    $200 29
101 (Dalmatians)

Lynn
    $200 21
POWs (prisoners of war)

Ben!
    $200 27
the gutter

Ben!
    $200 28
a lobster

Danny
    $400 17
(Ben!: What is the Atlantic?)

the English Channel

Ben!Lynn
    $400 4
the New York Giants

Lynn
    $400 19
an elephant

Ben!
    $400 5
black sheep

Triple Stumper
    $400 20
(Danny: What is a sommelier?)

a gourmet

DannyLynn
    $400 26
bivalve

Danny
    $600 24
a puddle jumper

Ben!
    $600 3
the Rams

Danny
    $600 18
(Lynn: What is a rabbit?)

a cat

DannyLynn
    $4,200 9
(Ben!: Uh, what is... convention?)

a summit

Ben!
    $600 6
Gothic

Ben!
    $600 25
(soft-shelled) crab

Ben!
    $800 13
the missing man formation

Triple Stumper
    $800 2
the Seahawks

Ben!
    $800 23
The Frogs

Ben!
    $800 7
(Danny: What is emperor?)

shogun

Ben!Danny
    $800 11
garrote

Ben!
    $800 15
a cuttlefish

Danny
    $1000 12
Lufthansa

Ben!
    $1000 1
the (Miami) Dolphins

Ben!
    $1000 22
The Faerie Queene

Ben!
    $1000 8
King John

Ben!
    $1000 10
gibbons

Ben!
    $1000 14
quahogs

Ben!

Scores at the first commercial break (after clue 15):

Ben! Danny Lynn
$3,800 $600 $400

Scores at the end of the Jeopardy! Round:

Ben! Danny Lynn
$7,200 $1,600 $1,000

Double Jeopardy! Round responses

A CENTURY OF TIME MAGAZINE COVERS
TV SITCOMS BY FAMILY
A COUNTRY BY ANY OTHER NAME
MEDICINE
THE JUDGMENT OF PARIS
ENDS WITH A SILENT CONSONANT
    $400 25
the Internet

Triple Stumper
    $400 23
(Mayim: Yes, less than a minute.)

Fresh Off the Boat

Ben!
    $400 27
measles & mumps

Danny
    $400 28
Joan of Arc

Lynn
    $400 29
[The end-of-round signal sounds.]

comb

Ben!
    $800 24
Boseman

Ben!
    $800 22
Bob's Burgers

Danny
    $800 21
Northern Ireland

Lynn
    $800 20
balding (hair loss)

Danny
    $800 16
Zola

Ben!
    $800 26
succumb

Triple Stumper
    $1200 10
(Danny: What are fuels?)

eggs

Ben!Danny
    $1200 3
Family Matters

Lynn
    $1200 12
Saudi Arabia

Ben!
    $3,000 6
white coat hypertension

Lynn
    $1200 19
Sarkozy

Ben!
    $1200 1
a coup

Lynn
    $1600 9
(Dave) Brubeck

Ben!
    $1600 4
Last Man Standing

Triple Stumper
    $3,000 13
(Ben!: Uh... what is...)

Turkey

Ben!
    $1600 7
macular degeneration

Lynn
    $1600 18
the pogroms

Ben!
    $1600 2
rapport

Lynn
    $2000 11
the Pacific

Triple Stumper
    $2000 5
3rd Rock from the Sun

Lynn
    $2000 14
Tuvalu

Ben!
    $2000 15
trephination

Lynn
    $2000 17
(the Knights) Templar

Ben!
    $2000 8
a coulis

Triple Stumper

Scores at the end of the Double Jeopardy! Round:

Ben! Danny Lynn
$17,400 $2,400 $14,800

[wagering suggestions for these scores]

Final Jeopardy! Round responses

SHAKESPEARE'S CHARACTERS
(Mayim: [To Ben] Unfortunately, that is not correct--correct response--[*] from Much Ado About Nothing.)
DannyWho Romeo + Juliet
$1,400
LynnWho are Romeo and Juli
$3,000
Ben!Who are Beatrice & Benedict Benedict?
$12,201
Beatrice & Benedick

Final scores:

Ben! Danny Lynn
$5,199 $1,000 $11,800
2nd place: $2,000 3rd place: $1,000 New champion: $11,800

Game dynamics:

Coryat scores:

Ben! Danny Lynn
$24,600 $2,400 $13,000
27 R,
3 W
(including 2 DDs)
9 R,
3 W
14 R
(including 1 DD),
1 W

Combined Coryat: $40,000

[game clues] [game scores] [suggest correction]

Game tape date: 2023-03-23
The J! Archive is created by fans, for fans. Scraping, republication, monetization, and malicious use prohibited; this site may use cookies and collect identifying information. See terms. The Jeopardy! game show and all elements thereof, including but not limited to copyright and trademark thereto, are the property of Jeopardy Productions, Inc. and are protected under law. This website is not affiliated with, sponsored by, or operated by Jeopardy Productions, Inc. Join the discussion at JBoard.tv.